=LDR 00000nam 2200000 4500 =001 INLIS000000000026264 =005 20130612124722 =008 ***********************************Ind** =035 ##$$0010-061300000026264 =041 ##$$a Ind =082 ##$$a 342.090 4 =090 ##$$a 342.090 4, Isk k =100 ##$$a Iskandar, Untung =245 ##$$a Kehutanan menapak otonomi daerah, Untung Iskandar =260 ##$$a 2001 $b Yogyakarta =300 ##$$a 160 hlm, ilus, 21 cm =650 ##$$a Otonomi Daerah-Kehutanan =850 ##$$a NBPNMAT